| 000 | 00766cam a2200277 4500500 | ||
|---|---|---|---|
| 005 | 20260329005234.0 | ||
| 041 | _afre | ||
| 042 | _adc | ||
| 100 | 1 | 0 |
_aGastineau, Nicolas _eauthor |
| 245 | 0 | 0 | _aEt si l’on mettait le monde sauvage à l’abri ? |
| 260 | _c2022. | ||
| 500 | _a38 | ||
| 690 | _aAlpes | ||
| 690 | _aAnimal | ||
| 690 | _aJohn Muir | ||
| 690 | _aNature | ||
| 690 | _aProtection | ||
| 690 | _aSanctuaire | ||
| 690 | _aSauvage | ||
| 690 | _aScience | ||
| 690 | _aTechnique | ||
| 690 | _aTerritoire | ||
| 690 | _aVirginie Maris | ||
| 786 | 0 | _nPhilosophie magazine | 164 | 11 | 2022-11-01 | p. 32-32 | 1951-1787 | |
| 856 | 4 | 1 | _uhttps://shs.cairn.info/magazine-philosophie-magazine-2022-11-page-32?lang=fr&redirect-ssocas=7080 |
| 999 |
_c1841605 _d1841605 |
||